Narrative in culture: the uses of storytelling in the Sciences, Philosophy, and Literature

Guardat en:
Dades bibliogràfiques
Altres autors: Nash, Cristopher (Editor)
Format: Llibre
Idioma:anglès
Publicat: Londres Routledge 1990
Col·lecció:Warwick Studies in Philosophy and Literature
Matèries:
Etiquetes: Afegir etiqueta
Sense etiquetes, Sigues el primer a etiquetar aquest registre!

MARC

LEADER 00000cam a2200000 a 4500
001 UCF6877
003 CL-VaPUC
008 130524e19900000UK |||||||||||||||||eng|d
020 |a 0415103444 
082 0 4 |a 808.3  |b NAS  |2 21 
100 |a Nash, Cristopher  |e editor  |9 568862 
245 1 0 |a Narrative in culture: the uses of storytelling in the Sciences, Philosophy, and Literature 
300 |a 228 p 
942 |c BK 
945 |d 20130524 00:00:00  |a dcastane 
260 |a Londres  |b Routledge  |c 1990 
650 0 |a Análisis del discurso  |9 256696 
650 0 |a Narrativa  |9 336727 
650 0 |a Retórica   |9 266620 
583 |a last modification  |c 20130524 08:39:00  |k Rodrigo Vera 
490 0 |a Warwick Studies in Philosophy and Literature 
999 |c 351903  |d 351901 
952 |0 0  |1 0  |4 0  |6 808_300000000000000_NAS_1990  |7 0  |8 A  |9 456316  |a BIBEDU  |b BIBEDU  |d 2019-11-22  |i 4974344  |o 808.3 NAS 1990  |p 4974344  |r 2019-11-22  |w 2019-11-22  |y BK  |k LIT